000 00413nam a2200145 i 4500
001 25496
003 ES-MaACL
007 t|
008 021226s1938 sp ||||1| spa d
100 1 _aArce y Valladares, Manuel José.
_922469
245 1 0 _aRomances de la barriada /
_c[Manuel José Arce y Valladares].
260 _a[s.l. :
_bs.n.,
_c1938]
300 _a106 p. ;
_c21 cm.
852 _aES-MaACL
_jC-8764
_bR.36645
999 _c25496
_d25496